Word Ladder: Natalie Portman Films Quiz Stats

 Plays Quiz Updated Jul 29, 2012

Support Sporcle.
Go Orange.
Score 0/27 Timer 02:00
0 Plays Today
Clue Word % Correct
MurderKILL
95.2%
Scottish garmentKILT
95.2%
Lets fish breatheGILL
94.6%
** The Other Boleyn _____ **GIRL
90.2%
** Star Wars Ep. III: Revenge of the _______ **SITH
88.6%
Place or webpageSITE
87.1%
Penn or ConnerySEAN
87%
Adult female horseMARE
86.3%
Knight Rider carKITT
83.1%
Tiny bugMITE
82.4%
Hit a flySWAT
82.3%
William the Elder or BradPITT
80.6%
** Black _______ **SWAN
80.3%
Chair or benchSEAT
78.6%
Clue Word % Correct
** ____ Attacks **MARS
78.5%
ListenHEAR
78.2%
Wet, soggy, muddy groundMIRE
75.5%
Safari helmetPITH
74.3%
** _____ (De Niro / Pacino film) **HEAT
71.4%
People born between July 23 and August 22LEOS
69.4%
Sailor speak: ____ she blows!THAR
69.1%
Land-locked Asian countryLAOS
68.8%
Ulrich or von TrierLARS
62.7%
RendTEAR
62%
** _____ (Chris Hemsworth film) **THOR
59.7%
Thin or bendLEAN
59.3%
** ______: The Professional **LEON
56.8%

Today's Daily Dose

You're not logged in!

Compare scores with friends on all Sporcle quizzes.
OR
Log In
Forgot?

From the Vault

Animated 'C' Verbs

by druhutch

We 'C' what you did here...
Remove Ads.
Support Sporcle.
Get the best of Sporcle when you Go Orange. This ad-free experience offers more features, more stats, and more fun while also helping to support Sporcle. Thank you for becoming a member.

Show Comments

Extras

Top Quizzes Today


Score Distribution

Your Account Isn't Verified!

In order to create a playlist on Sporcle, you need to verify the email address you used during registration. Go to your Sporcle Settings to finish the process.

Report this User

Report this user for behavior that violates our Community Guidelines.

Details: